000 00432nam a2200181Ia 4500
008 151018s9999 xx 000 0 und d
082 _bRBASDV40977
_a110
100 _aM N Roy
245 _aScience and superstition
250 _b1
260 _bRenissance
_c2005
300 _a111
600 _aM N Roy
630 _aScience and superstition
700 _aM N Roy
730 _aScience and superstition
942 _cBOOK
999 _c1040251
_d1040248